| 000 | 00373 a2200169 4500 | ||
|---|---|---|---|
| 001 | 190712 | ||
| 020 | _a978-85-322-9055-7 | ||
| 040 | _cMagnum | ||
| 100 | _aOliveira, Marcelo R. L. | ||
| 240 | 1 | 0 |
_aO elefante cabeludo _lpor |
| 245 | 1 | 0 | _aO elefante cabeludo |
| 300 | _a125 | ||
| 362 | 0 | _a2014 | |
| 440 | 1 | _aFTD | |
| 697 | _aLITERATURA INFANTO-JUVENIL | ||
| 942 | _cBK | ||
| 999 |
_c190712 _d190712 |
||